Elenca la formazione - Quiz n°50 - Statistics

Statistiche generali
  • Questo quiz è stato fatto 158 volte
  • Il punteggio medio è 10 su 11
Statistiche sulle risposte
Ruolo Nazione Calciatore % Corretto
Attaccante Serbia Dušan Vlahović
99%
Centrocampista Colombia Juan Cuadrado
98%
Difensore Brasile Danilo
95%
Difensore Brasile Alex Sandro
92%
Difensore Italia Leonardo Bonucci
89%
Centrocampista Francia Adrien Rabiot
88%
Centrocampista Italia Manuel Locatelli
88%
Portiere Polonia Wojciech Szczęsny
88%
Centrocampista Serbia Filip Kostić
87%
Trequartista Argentina Angel Di María
76%
Centrocampista Italia Fabio Miretti
71%
Nessun quiz corrispondente trovato
Distribuzione punteggi
Percentuale di utenti per punteggio
Percentile per numero di risposta
I tuoi punteggi nel tempo
Non hai fatto questo quiz